000 00617nai a2200181Ia 4500
003 IN-BaIIA
008 211028c9999 xx s 000 0 eng d
022 _a0019-5588 (Print)
022 _a0975-7465 (Online)
040 _cIIA Library
245 0 _aIndian Journal of Pure and Applied Mathematics
_h[eJournal]
260 _aNew Delhi, India
_bIndian National Science Academy
310 _aQuarterly
362 _a41(1); 2010 - Present
521 _bSubscribed through National Knowledge Resource Consortium (NKRC)
856 _uhttps://www.springer.com/journal/13226
_yClick Here to Access eJournal
942 _cEJ
999 _c34781
_d34781